<?xml version="1.0" encoding="UTF-8"?>
<marc:record xmlns:marc="http://www.loc.gov/MARC21/slim">
   <marc:leader>00000nam a2200000 a 4500</marc:leader>
   <marc:datafield ind1="1" ind2=" " tag="100">
      <marc:subfield code="a">Silanoe, Silke</marc:subfield>
      <marc:subfield code="4">aut</marc:subfield>
      <marc:subfield code="e">Verfasser/-in</marc:subfield>
   </marc:datafield>
   <marc:datafield ind1=" " ind2=" " tag="653">
      <marc:subfield code="a">Religionslehrer</marc:subfield>
   </marc:datafield>
   <marc:datafield ind1=" " ind2=" " tag="653">
      <marc:subfield code="a">Lehrerbildung</marc:subfield>
   </marc:datafield>
   <marc:datafield ind1=" " ind2=" " tag="653">
      <marc:subfield code="a">Vorbereitungsdienst</marc:subfield>
   </marc:datafield>
   <marc:datafield ind1=" " ind2=" " tag="653">
      <marc:subfield code="a">Ausbilder</marc:subfield>
   </marc:datafield>
   <marc:datafield ind1=" " ind2=" " tag="653">
      <marc:subfield code="a">Professionalisierung</marc:subfield>
   </marc:datafield>
   <marc:datafield ind1=" " ind2=" " tag="653">
      <marc:subfield code="a">Coaching</marc:subfield>
   </marc:datafield>
   <marc:datafield ind1=" " ind2=" " tag="653">
      <marc:subfield code="a">Zusatzqualifikation</marc:subfield>
   </marc:datafield>
   <marc:datafield ind1=" " ind2=" " tag="653">
      <marc:subfield code="a">Evangelische Religionspädagogik</marc:subfield>
   </marc:datafield>
   <marc:datafield ind1=" " ind2=" " tag="653">
      <marc:subfield code="a">Beratungshandeln</marc:subfield>
   </marc:datafield>
   <marc:datafield ind1=" " ind2=" " tag="653">
      <marc:subfield code="a">Feedbackkultur</marc:subfield>
   </marc:datafield>
   <marc:datafield ind1=" " ind2=" " tag="653">
      <marc:subfield code="a">Religionspädagogik</marc:subfield>
   </marc:datafield>
   <marc:datafield ind1=" " ind2=" " tag="653">
      <marc:subfield code="a">Softcover / Religion</marc:subfield>
   </marc:datafield>
   <marc:datafield ind1=" " ind2=" " tag="653">
      <marc:subfield code="a">Theologie/Praktische Theologie</marc:subfield>
   </marc:datafield>
   <marc:datafield ind1=" " ind2=" " tag="653">
      <marc:subfield code="a">Hochschulschrift</marc:subfield>
   </marc:datafield>
   <marc:datafield ind1="0" ind2="0" tag="245">
      <marc:subfield code="a">Habituelle Veränderungen der Beratungskompetenz durch Coachingausbildung</marc:subfield>
   </marc:datafield>
   <marc:datafield ind1="0" ind2="0" tag="245">
      <marc:subfield code="b">eine qualitative Erhebung</marc:subfield>
   </marc:datafield>
   <marc:datafield ind1="0" ind2="0" tag="245">
      <marc:subfield code="c">Silke Silanoe</marc:subfield>
   </marc:datafield>
   <marc:datafield ind1=" " ind2="1" tag="264">
      <marc:subfield code="a">Hildesheim</marc:subfield>
      <marc:subfield code="b">Universitätverlag Hildesheim</marc:subfield>
      <marc:subfield code="c">2019</marc:subfield>
   </marc:datafield>
   <marc:datafield ind1="1" ind2=" " tag="490">
      <marc:subfield code="a">Hildesheimer Beiträge zu Theologie und Geschichte</marc:subfield>
      <marc:subfield code="v">Band 13</marc:subfield>
   </marc:datafield>
   <marc:datafield ind1="1" ind2=" " tag="520">
      <marc:subfield code="a">Angaben aus der Verlagsmeldung

Habituelle Veränderungen der Beratungskompetenz durch Coachingausbildung : Eine qualitative Erhebung. / von Silke Silanoe

Mittels qualitativer Interviews mit Ausbilderinnen und Ausbildern in der zweiten Phase der Lehrkräftebildung widmet sich die Autorin dem pädagogisch wie religionspädagogisch interessanten und aktuellen Thema des professionellen Beratungshandelns. Sie versucht mit der vorliegenden Studie die Frage zu beantworten, inwieweit sich der professionelle Habitus im Hinblick auf Gesprächsführungskompetenzen, Feedbackkultur und Haltungsausprägungen von Ausbilderinnen und Ausbildern im Kernseminar, die auch als Fachleiterin und Fachleiter für die Fächer Evangelische bzw. Katholische Religionslehre tätig sind, durch eine erfolgreich absolvierte Coachingausbildung im Hinblick auf die Umsetzung in alltäglichen Beratungssituationen im beruflichen Kontext verändert. Die Interviewauswertungen zeigen, dass sich in der subjektiven Wahrnehmung und im subjektiven Erleben der interviewten Personen das professionelle Handeln im Bereich der Beratung durch diese Coachingausbildung verbessert und sie maßgeblich zur beruflichen Professionalisierung beiträgt. Dies kann durch die Auffächerung in die Themenfelder "Beratungskompetenz", "Unterrichtsnachbesprechung", "persönliche Menschenbildannahmen" und "Ambivalenz von Benotung und Beratung" differenziert und konkret gezeigt werden.

„Es ist zweifellos das unbestreitbare Verdienst der Autorin, erstmalig eine Untersuchung zur religionspädagogischen Professionalität von Ausbilderinnen und Ausbildern in der zweiten Phase vorzulegen.“ Prof. Dr. Martin Schreiner, Universität Hildesheim
„Man wünscht sich, dass solche Texte auch in den diversen Kultusministerien des Landes gelesen würden.“ Prof. Dr. Carsten Jochum-Bortfeld, Universität Hildesheim
</marc:subfield>
   </marc:datafield>
   <marc:datafield ind1=" " ind2=" " tag="020">
      <marc:subfield code="a">9783487157849</marc:subfield>
      <marc:subfield code="9">9783487157849</marc:subfield>
   </marc:datafield>
   <marc:datafield ind1=" " ind2=" " tag="020">
      <marc:subfield code="a">3487157845</marc:subfield>
      <marc:subfield code="9">3487157845</marc:subfield>
   </marc:datafield>
   <marc:datafield ind1=" " ind2=" " tag="041">
      <marc:subfield code="a">ger</marc:subfield>
   </marc:datafield>
   <marc:datafield ind1=" " ind2=" " tag="300">
      <marc:subfield code="a">278 Seiten</marc:subfield>
   </marc:datafield>
</marc:record>
